[Event "Titled Tuesday 7th Sept"]
[Site "chess.com INT"]
[Date "2021.09.07"]
[Round "4"]
[White "Andreikin, D."]
[Black "Skatchkov, Valery"]
[Result "1-0"]
[WhiteElo "2728"]
[BlackElo "2298"]
[PlyCount "149"]
[EventDate "2021.09.07"]
[SourceVersionDate "2018.05.14"]

1. Nf3 d5 2. d4 Nf6 3. c4 e6 4. Nc3 Bb4 5. e3 O-O 6. Bd2 Nc6 7. Rc1 Re8 8. a3
Bxc3 9. Bxc3 Ne4 10. Bd3 Nxc3 11. Rxc3 e5 12. cxd5 Qxd5 13. Bc4 Qd6 14. Ng5 Re7
15. Qh5 Qg6 16. Qxg6 hxg6 17. Bxf7+ Rxf7 18. Nxf7 Kxf7 19. d5 Ne7 20. Rxc7 Ke8
21. e4 Bd7 22. Rxb7 Nc8 23. f3 Nd6 24. Rb3 Rc8 25. Rc3 Rb8 26. b4 a5 27. Kf2
axb4 28. Rb3 Ra8 29. axb4 Ra2+ 30. Kg3 Nb5 31. Rhb1 Ke7 32. R1b2 Ra1 33. h4 Kd6
34. Rb1 Ra2 35. R3b2 Ra3 36. Rc1 Ra4 37. Rcc2 Ke7 38. Rc5 Kd6 39. Rcc2 Ke7 40.
Rd2 Kd6 41. Ra2 Rxb4 42. Ra6+ Ke7 43. Rxg6 Kf7 44. Rg5 Kf6 45. Ra2 Bc8 46. Rc2
Bd7 47. Ra2 Bc8 48. Rh5 Nd6 49. Rh8 Bb7 50. Rc2 Rc4 51. Rxc4 Nxc4 52. Rf8+ Ke7
53. Rf5 Bc8 54. Rg5 Kf6 55. Rh5 Nd6 56. Rh8 Ke7 57. Rg8 Kf7 58. Rd8 Ke7 59. Rh8
Kf7 60. h5 Ke7 61. h6 gxh6 62. Rxh6 Nf7 63. Rb6 Bd7 64. Kf2 Nd6 65. g4 Be8 66.
Kg3 Bg6 67. Ra6 Be8 68. Ra7+ Kf6 69. Kh4 Nb5 70. g5+ Kg6 71. Re7 Bf7 72. Rxe5
Nd4 73. Kg4 Kg7 74. f4 Kf8 75. f5 1-0

[Event "EU-ch rapid"]
[Site "Wroclaw"]
[Date "2014.12.20"]
[Round "2"]
[White "Navara, David"]
[Black "Grossmann, Ryszard"]
[Result "1-0"]
[WhiteElo "2727"]
[BlackElo "2124"]
[PlyCount "71"]
[EventDate "2014.12.20"]
[EventType "swiss (rapid)"]
[EventRounds "11"]
[EventCountry "POL"]
[SourceTitle "CBM 164 Extra"]
[Source "ChessBase"]
[SourceDate "2015.03.02"]
[SourceVersion "1"]
[SourceVersionDate "2015.03.02"]
[SourceQuality "1"]

1. e4 c5 2. Nf3 e6 3. d4 cxd4 4. Nxd4 a6 5. Bd3 Nc6 6. Nxc6 dxc6 7. O-O e5 8.
a4 a5 9. Nd2 Be6 10. Qh5 Qc7 11. Nf3 Bd6 12. Ng5 Nf6 13. Nxe6 Nxh5 14. Nxc7+
Bxc7 15. Be3 O-O 16. Ra3 Nf6 17. Rb3 Rfb8 18. f3 Kf8 19. Rd1 Ke8 20. Bc4 Bd8
21. Kf1 Be7 22. Bf2 Bd8 23. Ke1 Bc7 24. g4 Ng8 25. Bxf7+ Kxf7 26. Rd7+ Kg6 27.
Rxc7 Nh6 28. Rbxb7 Rxb7 29. Rxb7 Nf7 30. Rc7 Kf6 31. Rxc6+ Kg5 32. Kf1 Rb8 33.
Kg2 g6 34. Be3+ Kh4 35. Rc7 Ng5 36. Bf2# 1-0

[Event "TCh-POL Ekstraliga 2018"]
[Site "Poland POL"]
[Date "2018.06.10"]
[Round "3.2"]
[White "Navara, D."]
[Black "Piesik, P."]
[Result "1-0"]
[WhiteElo "2727"]
[BlackElo "2353"]
[PlyCount "59"]
[EventDate "2018.06.08"]
[EventType "team"]
[EventRounds "9"]
[EventCountry "POL"]
[SourceTitle "The Week in Chess 1231"]
[Source "Mark Crowther"]
[SourceDate "2018.06.11"]
[SourceVersion "2"]
[SourceVersionDate "2018.06.12"]
[SourceQuality "2"]
[WhiteTeam "Wasko HETMAN GKS Katowice"]
[BlackTeam "UKS Hetman Czestochowa"]

1. e4 e6 2. d4 d5 3. Nd2 Nf6 4. e5 Nfd7 5. c3 c5 6. Bd3 Nc6 7. Ne2 cxd4 8. cxd4
f6 9. exf6 Nxf6 10. Nf3 Bd6 11. O-O O-O 12. Bf4 Bxf4 13. Nxf4 Qd6 14. g3 Qb4
15. Rb1 Kh8 16. a3 Qb6 17. Ng5 e5 18. Nxh7 Nxh7 19. Qh5 e4 20. Ng6+ Kg8 21.
Qxd5+ Rf7 22. Bc4 Qc7 23. Qxe4 Bh3 24. Rfe1 Nf8 25. Nf4 Qd7 26. Nxh3 Qxh3 27.
Bxf7+ Kxf7 28. d5 Nd8 29. Qf3+ Kg8 30. Re8 1-0

[Event "Beijing Sportaccord blitz"]
[Site "Beijing"]
[Date "2014.12.13"]
[Round "8"]
[White "Harikrishna, Pentala"]
[Black "Vachier Lagrave, Maxime"]
[Result "1/2-1/2"]
[WhiteElo "2727"]
[BlackElo "2758"]
[PlyCount "111"]
[EventDate "2014.12.13"]
[EventType "tourn (blitz)"]
[EventRounds "30"]
[EventCountry "CHN"]
[EventCategory "20"]
[SourceTitle "CBM 163 Extra"]
[Source "ChessBase"]
[SourceDate "2014.12.23"]
[SourceVersion "1"]
[SourceVersionDate "2014.12.23"]
[SourceQuality "1"]

1. d4 Nf6 2. c4 g6 3. Nc3 d5 4. Nf3 Bg7 5. Qb3 dxc4 6. Qxc4 O-O 7. e4 Nc6 8.
Be2 e5 9. d5 Nd4 10. Nxd4 exd4 11. Qxd4 c6 12. Qd1 Re8 13. O-O Nxe4 14. Nxe4
Rxe4 15. dxc6 Rd4 16. Qb3 bxc6 17. Bc4 Qf6 18. Be3 Rd8 19. Rad1 Rxd1 20. Rxd1
h5 21. h4 Bg4 22. f3 Bf5 23. Bg5 Qe5 24. Bxf7+ Kh7 25. Qc3 Qc7 26. Qc4 Qb6+ 27.
Kh1 Qxb2 28. Be6 Rf8 29. Bxf5 Rxf5 30. Rd7 Qa1+ 31. Kh2 Rd5 32. Rxd5 cxd5 33.
Qxd5 Qe5+ 34. Qxe5 Bxe5+ 35. g3 Kg7 36. Kg2 Kf7 37. Be3 a6 38. f4 Bc3 39. Kf3
Ke6 40. g4 Bf6 41. f5+ gxf5 42. gxh5 Bxh4 43. h6 Kf7 44. h7 Bf6 45. Bg5 Be5 46.
Bf4 Bg7 47. Bd6 Kg6 48. Kf4 Kxh7 49. Kxf5 Bc3 50. a4 a5 51. Bc5 Be1 52. Bd4 Bb4
53. Ke6 Kg6 54. Kd5 Kf5 55. Kc6 Ke6 56. Kb5 1/2-1/2

[Event "Titled Tuesday 22nd Sept"]
[Site "chess.com INT"]
[Date "2020.09.22"]
[Round "7"]
[White "Andreikin, D."]
[Black "Vlassov, N."]
[Result "1-0"]
[WhiteElo "2726"]
[BlackElo "2352"]
[PlyCount "33"]
[EventDate "2020.09.22"]
[EventType "swiss (blitz)"]
[EventRounds "10"]
[SourceTitle "The Week in Chess 1351"]
[Source "Mark Crowther"]
[SourceDate "2020.09.28"]
[SourceVersion "1"]
[SourceVersionDate "2020.09.28"]
[SourceQuality "2"]

1. d4 Nf6 2. Bg5 e6 3. Nd2 h6 4. Bh4 c5 5. e3 b6 6. Ngf3 Bb7 7. c3 Be7 8. Bd3
g5 9. Bg3 g4 10. Ne5 h5 11. Qc2 Bxg2 12. Rg1 Bb7 13. Bg6 Rf8 14. Bxf7+ Rxf7 15.
Qg6 Qc8 16. Nxf7 Kf8 17. Nd6 1-0

[Event "Candidates Tournament Gp2"]
[Site "Dortmund"]
[Date "2002.07.11"]
[Round "6"]
[White "Bareev, Evgeny"]
[Black "Morozevich, Alexander"]
[Result "1-0"]
[WhiteElo "2726"]
[BlackElo "2716"]
[Annotator "Stohl,I"]
[PlyCount "79"]
[EventDate "2002.07.06"]
[EventType "tourn"]
[EventRounds "6"]
[EventCountry "GER"]
[EventCategory "20"]
[SourceTitle "CBM 090"]
[Source "ChessBase"]
[SourceDate "2002.09.20"]
[SourceVersion "1"]
[SourceVersionDate "2002.09.20"]
[SourceQuality "1"]

1. d4 g6 2. g3 Bg7 3. Bg2 c5 {This was a last round game, in which Morozevich
had to win, while a draw was sufficient for Bareev. Black therefore tries to
complicate matters as soon as possible.} 4. c3 {White on the other hand
strives for a simple position.} (4. dxc5 Na6 $5 5. e4 Nxc5 6. Ne2 d6 7. Nbc3
Nf6 8. O-O Bd7 9. Re1 O-O 10. a4 Rc8 11. h3 b6 12. Nd4 a6 13. Bg5 h6 14. Be3
Kh7 15. g4 Qc7 16. Qd2 Rfd8 17. f3 e5 18. Nb3 Bc6 19. Qf2 Qb7 20. Nxc5 bxc5 21.
b3 d5 $1 $36 {Hoffmann,A-Stohl,I/Albena/1989/}) ({The most ambitious for White
is} 4. d5 d6 5. c4 {with possible transpositions into a King's Indian, Benoni,
or even Dutch Defence.} (5. e4 b5 $5 6. Nf3 Nd7 7. O-O Ngf6 8. Nbd2 O-O 9. Qe2
a5 10. c3 a4 11. Re1 Nb6 12. Rb1 Ne8 13. c4 bxc4 14. Nxc4 Nxc4 15. Qxc4 e6 16.
Bg5 Qc7 17. Qd3 Rb8 18. b3 axb3 19. axb3 exd5 20. Qxd5 Nf6 21. Qd3 Ng4 22. Bf4
Rb6 $11 {Stryjecki,M-Hebden,M/Cappelle la Grande/2002/})) 4... Qa5 $5 (4...
cxd4 5. cxd4 d5 $11 {leads to sterile positions of the Fianchetto Gruenfeld 
(D79), Black of course ism't interested. He chooses arguably the most sensible
attempt to achieve a complicated position.}) (4... Qb6 5. Nf3 (5. d5 Nf6 6. e4
O-O 7. Ne2 e6 8. O-O exd5 9. exd5 d6 10. a4 Bg4 11. h3 Bxe2 12. Qxe2 Nbd7 13.
Na3 Rae8 14. Qb5 Qc7 15. Nc4 Ne5 16. Nxe5 Rxe5 17. Bf4 Re7 18. Rfe1 Rfe8 19.
Kf1 a6 20. Qc4 Nd7 21. Rxe7 Rxe7 22. Re1 Rxe1+ 23. Kxe1 Be5 $11 {Zvjaginsev,
V-Losev,D/Moscow/1989/}) 5... d6 6. O-O Nf6 7. Na3 O-O 8. Re1 cxd4 9. Qxd4 Qa5
10. Qh4 Nc6 11. h3 d5 12. c4 Ne5 13. Be3 Nxc4 14. Nxc4 dxc4 15. Qxc4 Be6 16.
Qc5 Qxc5 17. Bxc5 Rfe8 18. Bd4 Bd5 19. Be5 Rac8 20. Red1 e6 21. Ne1 Bxg2 22.
Kxg2 Nd5 $11 {Manninen,M-Kiik,K/FIN-ch op Naantali/2000/}) (4... Qc7 5. Na3 $1
Nf6 6. e4 d6 7. Ne2 O-O 8. O-O Nc6 9. d5 Ne5 $6 10. f4 Ned7 11. c4 a6 12. Nc3
Rb8 13. Re1 b5 14. cxb5 c4 15. e5 $1 dxe5 16. fxe5 Ne8 17. d6 exd6 18. exd6 Qd8
19. Nd5 $16 {Averbakh,Y-King,D/New York WFW/1990/}) 5. Nd2 {Pigusov,E (2525)
-Bareev,E (2555) GMA op Moscow 1989 (4) 1/2-1/2 A rather passive move,
although White keeps the position symetrical, his N lands on b3, where it has
little scope. But interestingly enough Bareev had already played it with
opposite colours (and White had the extra Nf3).} (5. dxc5 Qxc5 6. Nf3 (6. Be3
Qc7 7. Nf3 Nf6 8. Na3 Nc6 9. O-O O-O 10. Nd4 d6 (10... d5 $11) 11. Nab5 Qd7 12.
h3 Nxd4 (12... a6 $5 $13) 13. Nxd4 d5 14. a4 e5 $6 15. Nb5 b6 16. Qb3 Bb7 17.
Rfd1 h6 18. Na3 Rfd8 19. Nc2 Ba6 20. Rd2 Rac8 21. Nb4 Bc4 22. Qd1 a5 23. Nc2
Qc7 24. Na3 Ba6 25. Qb3 $36 {Kengis,E-Loeffler,S/Gausdal/1991/}) 6... Nf6 7.
O-O O-O 8. Qa4 (8. Be3 Qc7 9. Na3 a6 10. Qb3 Nc6 11. Bb6 Qb8 12. Nd4 Re8 13.
Nac2 e5 14. Nxc6 dxc6 15. Qa4 Be6 16. Rfd1 Bf8 17. Ne3 Nd7 18. Ba5 Bc5 19. Ng4
Be7 20. Ne3 Bg5 21. Nf1 Rc8 22. Nd2 Be7 $11 {Wichmann,C-Hennig,D/BL 9697/1997/}
) 8... d5 $6 (8... Nc6 9. Be3 Qa5 $132) 9. Be3 Qc7 10. Bf4 Qb6 11. Qb3 Nfd7 12.
Be3 Qa5 13. Rd1 Nb6 14. Bxb6 Qxb6 15. Qxb6 axb6 16. Rxd5 Be6 17. Rb5 Rxa2 18.
Rxa2 Bxa2 19. Na3 Rd8 20. Rxb6 Rd1+ 21. Bf1 Bd5 22. Nc2 Nd7 23. Rb4 Rb1 24. Ne3
Bc6 25. Nd2 Re1 26. f4 $16 {Delchev,A-Chatalbashev,B/BUL-ch/1994/}) (5. Nf3
cxd4 6. Nxd4 Nf6 7. O-O O-O 8. e4 d6 9. h3 Nc6 10. Be3 Bd7 11. Nd2 Rac8 12. Re1
Rfe8 13. Kh2 Ne5 14. Qe2 b5 15. N2b3 Qa4 16. Nd2 a6 17. f4 Nc6 18. e5 dxe5 19.
Nxc6 Bxc6 20. Bxc6 Rxc6 21. fxe5 Nd5 22. Bd4 Qa5 23. Qf3 {Iotti,P-Bellini,F/
Reggio Emilia/2001/} Rd8 $13) (5. d5 d6 6. Nf3 (6. Nd2 Nf6 7. e4 O-O 8. Ne2
Nbd7 9. O-O Qa6 10. f4 c4 11. Nd4 Nc5 12. Qe2 Nd3 13. N2f3 Bd7 14. a3 Qb6 (
14... e5 $142 $1 $36) 15. Kh1 e5 16. dxe6 fxe6 17. e5 Ng4 18. exd6 Qxd6 19. Nd2
e5 20. Nxc4 Qc5 21. Nxe5 Ndxe5 22. fxe5 Rxf1+ 23. Bxf1 Nxe5 24. Bf4 {Bunzmann,
D-Glek,I/Budapest/1998/}) 6... Nf6 7. O-O O-O 8. Re1 Re8 9. Na3 Nbd7 10. h3 b5
11. e4 a6 12. Nc2 Bb7 13. Bf4 h6 14. h4 e5 15. Bd2 c4 16. b4 cxb3 17. axb3 Qc7
18. Nh2 Nc5 19. Rb1 a5 20. b4 axb4 21. cxb4 Ncxe4 $1 22. Rxe4 Nxe4 23. Bxe4 f5
24. Bg2 Qf7 25. Bc1 e4 $13 {Karpov,A-Topalov,V/Dortmund/1999/}) 5... cxd4 6.
Nb3 Qb6 7. cxd4 Nf6 (7... a5 8. a4 Nc6 9. Nf3 d5 10. O-O Bg4 11. Be3 Bxf3 12.
Bxf3 e6 13. Qd3 Nge7 14. Qb5 Qa6 15. g4 h5 16. h3 hxg4 17. hxg4 Kf8 18. Kg2 b6
19. Qxa6 Rxa6 20. Rad1 f6 21. Rh1 Rxh1 22. Kxh1 g5 23. Bd2 Ra8 24. Rc1 Rc8 $11
{Zara,D-Timman,J/EU-chJ Groningen/1968/}) 8. d5 {Gains (), but also opens the
a1-h8/^.} ({More circumspect was} 8. Nf3 $11) 8... d6 9. Nf3 O-O 10. O-O Na6 $1
$146 (10... Bd7 11. Be3 Qa6 (11... Qb5 $142 $5 12. Nfd4 Qa4 {/\Na6-c5<=>}) 12.
Bd4 Qa4 13. Re1 Na6 14. e4 {[+]} Nc7 15. e5 $1 Nfxd5 16. exd6 exd6 17. Bxg7
Kxg7 18. Ng5 Bc6 19. Re4 Qb5 20. a4 Qb6 21. a5 Qa6 22. Nd4 Rae8 23. Bf1 $40 {
Romanishin,O-Lobron,E/EU-ch Saint Vincent/2000/}) 11. Nfd4 ({The manoeuvre
from the previous note is now less effective:} 11. Be3 Qb5 12. Nfd4 Qa4 $132 {
/\Nc5,Ng4}) 11... Bd7 12. Bd2 {/\Ba5+- White already experiences some problems
with finishing his << development.} (12. h3 Rfc8 13. Be3 Qb4 14. Nc2 Qa4 $1 {/\
} (14... Qc4 15. Na3 Qa4 16. Bd4 Nb4 17. e4 $13) 15. Bd4 Nc7 16. e4 Nb5 $36)
12... Nc5 (12... Ba4 $143 13. Ba5 Qxa5 (13... Bxb3 14. Nxb3 Qb5 15. Bc3 $14)
14. Nxa5 Bxd1 15. Rfxd1 Rfc8 $11) 13. Ba5 (13. Rc1 Rfc8 $15) 13... Qa6 14. Qd2
Rfc8 15. Nxc5 (15. Rfc1 $142 $5 Nxb3 (15... Ng4 16. Bc3 Ne5 17. Qe3 $5 $13) 16.
axb3 (16. Nxb3 Rxc1+ $1 17. Nxc1 {leads to the game position}) 16... Rxc1+ 17.
Rxc1 Rc8 18. Rxc8+ Bxc8 19. e3 b6 20. Bc3 $11) 15... Rxc5 {Logical and good,
but a playable alternative was} (15... dxc5 $5 16. Nc2 Bf5 17. Bc3 Be4 $15) 16.
Nb3 (16. Bb4 Rxd5 $5 (16... Rc7 $11 {/=/+}) 17. Bxd5 Nxd5 $44) 16... Rc4 17.
Rfc1 Rxc1+ $1 18. Nxc1 {An ugly recapture, but White can hardly afford} (18.
Rxc1 b6 19. Bc3 Qxa2 20. Nd4 Nxd5 21. Nf5 (21. Nb3 e6 $5 $15) 21... Bxc3 22.
Qxd5 Qxd5 23. Nxe7+ Kf8 24. Bxd5 Bxb2 (24... Re8 $5) 25. Rc7 Re8 $17) 18... Ng4
$5 {This is more ambitious than} (18... Rc8 19. Bc3 Qc4 $36) 19. Nd3 (19. Bc3
Bxc3 20. Qxc3 Rc8 21. Qd2 Ne5 $15 {/= gives Black a pleasant position, in
which he can play for a win without risk.}) 19... Rc8 20. h3 Ne5 21. Bc3 (21.
Nxe5 Bxe5 $36) 21... Nc4 ({Less complicated was} 21... Nxd3 $142 $5 22. exd3
Bf5 23. Bxg7 Kxg7 $15 {ק}) 22. Qg5 $5 (22. Qe1 Bxc3 23. Qxc3 (23. bxc3 Qa5 $17
) 23... Ne5 $36 {can lead to the position from the note above, so Bareev
lashes out.}) 22... Bxc3 23. Qxe7 (23. bxc3 f6 $15 {/-/+}) 23... Nxb2 (23...
Bb5 24. bxc3 Re8 25. Qc7 {/\} Rxe2 26. a4 $1 Bxa4 27. Bf1 Rd2 28. Re1 $36) (
23... Qa4 24. bxc3 Re8 25. Qf6 Rxe2 26. Nf4 $132) (23... Bxb2 24. Nxb2 Ne5 25.
Nd3 Re8 26. Qf6 Nxd3 27. exd3 $13 {/\Rc1-c7,׻}) 24. Qxd7 Rf8 25. Rc1 $6 (25.
Nxb2 Bxb2 26. Rf1 Be5 $5 (26... Qxe2 27. Qxd6 Bd4 28. Qb4 $11) 27. e3 Qxa2 28.
Qxb7 a5 $15 {o^a}) (25. Be4 $5 Qc4 (25... f5 $2 26. Qe6+ Kg7 27. Nf4 $1 {/\}
fxe4 28. Qe7+ Kg8 29. Ne6 Ra8 30. Ng5 $18) 26. Qe7 f5 27. Nxb2 Qxe4 (27... Bxb2
28. Qe6+ Kg7 29. Bd3 $14 {עg7}) 28. Qxe4 fxe4 29. Rb1 $11) 25... Nxd3 26. Rxc3
(26. exd3 Qxa2 $1 $17 {/=/+}) 26... Ne5 27. Qc7 (27. Qe7 Qxe2 28. Rc7 Qd1+ 29.
Kh2 Nf3+ 30. Bxf3 Qxf3 31. Qe3 Qxd5 $17) 27... Qxe2 28. Re3 (28. Bf1 Qe4 $40)
28... Qxa2 29. Bf1 (29. Qxd6 $2 Nc4 $19) (29. Qxb7 $142 a5 $17) 29... Qxd5 $19
30. Bg2 Qd1+ 31. Kh2 Qd2 32. Kg1 Nd3 (32... b5 $1 {/\} 33. Qxa7 Rc8 $19 {->})
33. Rf3 Ne1 (33... Qc1+ 34. Qxc1 Nxc1 35. Ra3 b5 36. Rxa7 Ne2+ 37. Kh2 $5 $17 (
37. Kf1 Nc3 38. Rc7 b4 39. Rb7 Ra8)) 34. Rf6 Qd1 $138 ({Simpler was} 34... Nxg2
35. Rxd6 Qe2 36. Kxg2 Qe4+ 37. Kg1 Qf3 38. Rd7 b6 $1 $19 {/\} 39. Qxa7 $2 Ra8 {
In time-trouble Morozevich move by move completely ruins his position.}) 35.
Bxb7 d5 $6 (35... Nd3+ 36. Kg2 Kg7 $1 37. Qc3 (37. Qxd6 Qa1 $1 $19) 37... Ne5
38. Rf4 Rb8 $19 {was still sufficient to win.}) 36. Kh2 Kg7 $2 (36... Qb3 $1
37. Qe7 Nf3+ 38. Kg2 Ne5 $17) 37. Qe5 Kg8 (37... Rd8 38. Re6+ Kg8 39. Qxe1 $18)
38. Bxd5 $18 {/\Bf7} Nd3 39. Qe7 Qe1 40. Bxf7+ (40. Bxf7+ Kg7 41. Be6+ $18) 1-0

[Event "Beijing Sportaccord rap"]
[Site "Beijing"]
[Date "2014.12.12"]
[Round "6"]
[White "Dominguez Perez, Leinier"]
[Black "Bacrot, Etienne"]
[Result "1-0"]
[WhiteElo "2726"]
[BlackElo "2718"]
[PlyCount "107"]
[EventDate "2014.12.11"]
[EventType "swiss (rapid)"]
[EventRounds "7"]
[EventCountry "CHN"]
[SourceTitle "CBM 164"]
[Source "ChessBase"]
[SourceDate "2015.01.15"]
[SourceVersion "1"]
[SourceVersionDate "2015.01.15"]
[SourceQuality "1"]

1. e4 c5 2. Nf3 d6 3. d4 cxd4 4. Nxd4 Nf6 5. Nc3 a6 6. f3 e5 7. Nb3 Be6 8. Be3
h5 9. Nd5 Bxd5 10. exd5 Nbd7 11. Qd2 g6 12. O-O-O Bg7 13. Kb1 Qc7 14. Be2 O-O
15. g4 Rfc8 16. Rc1 hxg4 17. fxg4 a5 18. g5 Ne4 19. Qd3 Nec5 20. Nxc5 Nxc5 21.
Qd1 Qe7 22. h4 a4 23. a3 e4 24. h5 Qe5 25. c3 Nb3 26. Rc2 Qg3 27. Qg1 Qxg1+ 28.
Rxg1 Ra5 29. Rd1 Be5 30. Bg4 Rf8 31. Rf2 Nc5 32. Rdf1 gxh5 33. Bxh5 Nd3 34.
Rxf7 Rxf7 35. Bxf7+ Kg7 36. Be8 Ra8 37. Bb5 Ra5 38. Bc4 Nc5 39. Kc2 Nd7 40. Be2
Nf8 41. Bb6 Ra8 42. Bg4 Ng6 43. Re1 Nf4 44. Rxe4 Kg6 45. Be3 Nxd5 46. Bd2 b5
47. Bf3 Rd8 48. Rh4 Nb6 49. Be4+ Kf7 50. Bd3 Nd7 51. Bxb5 Nc5 52. Bxa4 Rb8 53.
Bc6 Ke6 54. b4 1-0

[Event "UKR-ch 83rd"]
[Site "Lvov"]
[Date "2014.11.19"]
[Round "8"]
[White "Ivanchuk, Vassily"]
[Black "Bogdanovich, Stanislav"]
[Result "1-0"]
[WhiteElo "2726"]
[BlackElo "2590"]
[Annotator "Havasi,G"]
[PlyCount "93"]
[EventDate "2014.11.11"]
[EventType "tourn"]
[EventRounds "11"]
[EventCountry "UKR"]
[EventCategory "17"]
[SourceTitle "CBM 164"]
[Source "ChessBase"]
[SourceDate "2015.01.15"]
[SourceVersion "1"]
[SourceVersionDate "2015.01.15"]
[SourceQuality "1"]

1. e4 e5 2. Nf3 Nc6 3. Bb5 Nf6 4. Nc3 Bb4 5. O-O O-O 6. d3 d6 7. Ne2 {This is
a manoeuvring move. White wants to place his knight on g3.} (7. Bg5 {is the
most popular and the usual move.} Bxc3 8. bxc3 Qe7 9. Re1 Nd8 10. d4 Ne6 11.
Bc1 Rd8 12. Bf1 c5 13. g3 Nf8 14. Nh4 h6 $13 {Ivanchuk-Nakamura, Antalya 2013})
7... Ne7 {And Black wants to do the same. After this move, Black usually wants
to play c6, Ng6, Ba5-c7.} 8. c3 Ba5 9. Ng3 c6 10. Ba4 Ng6 {The position is
very symmetrical.} 11. Re1 (11. d4 {is the most popular move} Re8 12. Bc2 h6
13. h3 Be6 14. Re1 c5 15. d5 Bd7 $13 {Short-Collins, Bunratty 2011}) 11... Re8
12. h3 $146 {This is the novelty.} (12. Bc2 {has been played before} d5 13. a4
(13. Bg5 d4 $13) 13... Bc7 14. Bb3 Be6 $132 {Llaneza Vega-Sebastian, Bremen
2009}) 12... h6 13. d4 {And White is the one, who wants to break the symmetry
and gain some space.} exd4 (13... Be6 {is also possible to hold the centre} 14.
Be3 Qc7 15. Qc2 Bb6 $11) (13... b5 {is an interesting move} 14. Bc2 b4 15. dxe5
Nxe5 16. Nxe5 dxe5 17. Qf3 bxc3 18. bxc3 {and White has some initiative.}) 14.
b4 $1 {Of course White wants to take back on d4 with the pawn.} Bc7 15. cxd4 b5
16. Bb3 a5 {This is Black's idea, White can't protect the b4-pawn with a pawn,
but this isn't a problem, as White has a strong centre and the bishop will be
strong on b4.} 17. Bd2 $1 axb4 18. Bxb4 Bb7 {This move will cause Black
problems, as the bishop is actually doing nothing else other than defending
the c6-pawn.} (18... Be6 {is still better} 19. Rc1 Bxb3 20. axb3 $14) 19. Rc1 (
19. Qc2 {is also good} Nf4 20. Rad1 $14) 19... Qd7 20. Qc2 Rac8 21. Rcd1 {
White can improve his position as much as he wants, as Black is completely
paralyzed.} (21. e5 $1 {is a more direct way to fight for the advantage} Nd5
22. Ne4 $1 dxe5 23. Nc5 Qe7 24. Nxb7 Qxb4 25. Qxc6 $16) 21... Bb8 22. a4 (22.
e5 {is also possible to get the c5-square for the knight} Nd5 23. Bxd6 Bxd6 24.
exd6 Qxd6 25. Ne4 Qf4 26. Nc5 Ba8 27. Qd3 $14) 22... bxa4 23. Bxa4 Ba6 24. Bb3
(24. Qb3 $16 {is even better, White is simply much better.}) 24... Bb5 (24...
Nf4 25. Bc3 $14) 25. Bc3 (25. Bd2 {is also good.}) 25... Qb7 (25... d5 26. e5
Nh7 27. Bd2 $14) 26. Nf5 (26. Qd2 $1 {is also interesting followed by Bc2})
26... d5 {Black tries to activate his f6-knight.} ({In the event of} 26... Nf4
{White's only way to the advantage is} 27. Ba2 $1 {, which defends against the
threat of Nd3, which would work, if the B is on b3}) 27. e5 Ne4 28. Rxe4 $1 {
This is the only way to keep the advantage. White's central pawns, bishop pair
and f5-knight are simply too strong.} dxe4 29. Qxe4 $18 Bd3 {This is the only
chance; otherwise Black's kingside gets destroyed.} 30. Bxf7+ $1 Qxf7 31. Rxd3
Rf8 32. g4 $18 Qd5 ({If Black tries to exchange the strong knight, White plays
} 32... Ne7 33. Bb4 $18 (33. e6 $18)) 33. Qxd5+ (33. Nxh6+ {is even better} Kh7
34. Nf5 $1 Qxe4 35. Ng5+ Kh8 36. Nxe4 $18) 33... cxd5 34. Bd2 Rfe8 35. Rb3 Nf8
36. Rb5 (36. g5 $18) 36... Rcd8 37. g5 h5 38. Bb4 Ne6 39. g6 Kh8 40. Bd6 (40.
Be7 $18) 40... Ba7 41. Rb7 Ra8 42. h4 Bb8 43. Ng5 Nxg5 44. hxg5 Bxd6 45. exd6
Rf8 46. Rf7 Rad8 47. d7 1-0

[Event "European Online CC PlayB"]
[Site "Tornelo INT"]
[Date "2021.03.29"]
[Round "1.1"]
[White "Vidit, S."]
[Black "Bluebaum, M."]
[Result "1-0"]
[WhiteElo "2726"]
[BlackElo "2670"]
[PlyCount "69"]
[EventDate "2021.03.29"]
[EventType "team (rapid)"]
[EventRounds "5"]
[SourceTitle "The Week in Chess 1377"]
[Source "Mark Crowther"]
[SourceDate "2021.03.29"]
[SourceVersion "1"]
[SourceVersionDate "2021.03.29"]
[SourceQuality "2"]
[WhiteTeam "Novy Bor"]
[BlackTeam "SF Deizisau e.V."]

1. d4 d5 2. c4 e6 3. Nc3 Nf6 4. Nf3 Bb4 5. Bg5 h6 6. Bxf6 Qxf6 7. Qa4+ Nc6 8.
e3 O-O 9. Be2 Bd7 10. Qb3 dxc4 11. Qxc4 Qe7 12. Rd1 Na5 13. Qd3 c5 14. a3 c4
15. Qc2 Bd6 16. g4 f5 17. Rg1 fxg4 18. Rxg4 e5 19. Rg1 Bc6 20. dxe5 Bxe5 21.
Nxe5 Qxe5 22. Qg6 Qf6 23. Qxf6 Rxf6 24. Nd5 Rf7 25. Bh5 Nb3 26. Bxf7+ Kxf7 27.
Rg4 Rd8 28. Rf4+ Ke8 29. Nc7+ Ke7 30. Rxd8 Kxd8 31. Ne6+ Kd7 32. Nxg7 Nc5 33.
Rxc4 Nd3+ 34. Ke2 Nxb2 35. Rb4 1-0